000 00745nam a2200205Ii 4500
003 JO-AjNU
008 230606s9999||||xx |||||||||||||| ||und||
020 _a978-185339-689-2 / 978-92-9072-102-4
040 _aJO-AjNU
_beng
_erda
_cJO-AjNU
041 _aeng
050 1 4 _aHQ1240 .C377 2010
100 3 _aCarr,Marily / Maria Hartl,
_eauthor
_92314
245 0 0 _aLightening the load : labour-saving technologies and practices for rural women
264 3 1 _aRugby, UK : Practical Action Pub. ; Rome : IFAD,2010
300 _a62p
_bIncludes references indexes(p53-62)
336 _atext
_btxt
_2rdacontent
337 _aunmediated
_bn
_2rdamedia
338 _avolume
_bnc
_2rdacarrier
650 4 _aWomen in development-Developing countries
_92315
999 _aE1210
_c1210
_d1210